• 首页
  • 本馆介绍
  • 公告通知
  • 最新文献
  • 馆藏检索
  • 电子资源
  • 读者导购
  • 参考咨询
  • 我的图书馆
  • 登录
  • 详细信息显示
  • 放入我的书架
  • 预约/预借图书
  • 作者相关作品
  • 分类相关作品
  • 丛书相关作品
  • 出版社相关作品

书目信息

  • 表格格式
  • 工作单格式
  • 卡片格式
题名:
暖通空调设计与通病分析
    
 
作者: 李娥飞 编著
分册:  
出版信息: 北京   中国建筑工业出版社  2004.8
页数: 298页
开本: 20.3cm
丛书名:
单 册:
中图分类: TU83
科图分类:
主题词: 通风设备--建筑设计--分析 , 空气调节设备--建筑设计--分析 , 采暖设备--建筑设计--分析
电子资源:
ISBN: 7-112-07556-4
000 01618nam0 2200361 450
000 01581nam0 2200349 450
000 01544nam0 2200337 450
000 01541nam0 2200349 450
000 01487nam0 2200325 450
000 01483nam0 2200313 450
000 01446nam0 2200301 45
001 0001228
005 20061204100211.92
010    @a7-112-07556-4@dCNY30.00
100    @a20060829e20052004em y0chiy0150 ea
101 0  @achi
102    @aCN@b110000
105    @aak z 000yy
200 1  @a暖通空调设计与通病分析@ANuan Tong Kong Diao She Ji Yu Tong Bing Fen Xi@f李娥飞编著@FLi E Fei Bian Zhu
205    @a2版
210    @a北京@c中国建筑工业出版社@d2004.8@h2005.8[重印]
215    @a298页@c插图, 表格@d20.3cm
327 0  @a本书原名《暖通空调设计通病分析手册》,现经作者作了一些增补,再版,并将书名改为《暖通空调设计与通病分析》。本书上下两篇。上篇介绍设计各阶段的设计深度、工种负责人工作指南、施工图校对提纲、保证设计质量的工序控制要点、互提资料要求、投资估算及冷、热、水、电供量和机房面积估算参考值等资料。下篇介绍各种设计失误的现象、原因、对策。这是一本从反面总结经验,指导设计的参考书。
333    @a读者对象:本书除供设计人员参考,避免重蹈覆辙外,施工、基建、维修、管理人员也可根据本书发现问题,加强监督,改进已经运行的系统。
606 0  @a通风设备@x建筑设计@x分析
606 0  @a空气调节设备@x建筑设计@x分析
606 0  @a采暖设备@x建筑设计@x分析
690    @aTU83@v4
701  0 @a李娥飞@ALi E Fei@4编著
801  0 @aCN@b中图数据@c20061204
905    @a10447@dTU83@e327=2
    
    暖通空调设计与通病分析/李娥飞编著.-2版.-北京:中国建筑工业出版社,2004.8(2005.8[重印])
    298页:插图, 表格;20.3cm
    使用对象:读者对象:本书除供设计人员参考,避免重蹈覆辙外,施工、基建、维修、管理人员也可根据本书发现问题,加强监督,改进已经运行的系统。
    部分内容:本书原名《暖通空调设计通病分析手册》,现经作者作了一些增补,再版,并将书名改为《暖通空调设计与通病分析》。本书上下两篇。上篇介绍设计各阶段的设计深度、工种负责人工作指南、施工图校对提纲、保证设计质量的工序控制要点、互提资料要求、投资估算及冷、热、水、电供量和机房面积估算参考值等资料。下篇介绍各种设计失误的现象、原因、对策。这是一本从反面总结经验,指导设计的参考书。
    ISBN 7-112-07556-4:CNY30.00
    
●
相关链接 在E读中查询图书 在五车中查询图书 在当当中查询图书 在豆瓣中查询图书


正题名:暖通空调设计与通病分析     索取号:TU83/327=2         预约/预借

序号 登录号 条形码 馆藏地/架位号 状态 备注
1 0608825   206088259   第二样本阅览室/ [索取号:TU83/327=2] 在馆    
2 0608826   206088268   第三借阅区/ [索取号:TU83/327=2] 在馆    
3 0608827   206088277   第三借阅区/ [索取号:TU83/327=2] 在馆    
唐山师范学院图书馆 欢迎您!
大连网信软件有限公司© 版权所有